000 00472nam a2200181Ia 4500
005 20240913125924.0
008 240913s9999||||xx |||||||||||||| ||und||
041 _aENGLISH
082 _A612.64 Q6
100 _aSadler T W
245 0 _aLangman's Medical Embryology
250 _a13th
260 _c2016
_bWolters Kluwer / Lippincott Williams & Wi
500 _aREFERENCE
650 _aPerfusion Technology
_bAllied Health Science
942 _cREF
999 _c246562
_d246562